|
|
|
|
| LEADER |
00832nam a2200265 4500 |
| 001 |
DLU130148079 |
| 005 |
##20130528 |
| 040 |
# |
# |
|a DLU
|b vie
|
| 041 |
# |
# |
|a vie
|
| 044 |
# |
# |
|a vn
|
| 100 |
# |
# |
|a Trần Quốc Tuấn,
|c TS.
|
| 245 |
# |
# |
|a Tinh thần dân tộc và tính nhân văn trong luật pháp triều Nguyễn /
|c Trần Quốc Tuấn.
|
| 653 |
# |
# |
|a Đặc thù dân tộc
|
| 653 |
# |
# |
|a Lịch sử pháp luật Việt Nam
|
| 653 |
# |
# |
|a Nhà Nguyễn
|
| 773 |
# |
# |
|t Tạp chí Nhà nước và pháp luật
|g Số 5(289), 2012, tr. 47-51
|
| 920 |
# |
# |
|a Phòng Tạp chí -- Trung tâm Thông tin - Thư viện Trường Đại học Đà Lạt
|
| 994 |
# |
# |
|a DLU
|
| 900 |
# |
# |
|a True
|
| 911 |
# |
# |
|a Nguyễn Thị Linh Chi
|
| 925 |
# |
# |
|a G
|
| 926 |
# |
# |
|a A
|
| 927 |
# |
# |
|a BB
|
| 980 |
# |
# |
|a Thư viện Trường Đại học Đà Lạt
|